LEADER 00860nam0-22003131i-450- 001 990009440010403321 005 20111004105222.0 010 $a978-1-4020-4537-0 035 $a000944001 035 $aFED01000944001 035 $a(Aleph)000944001FED01 035 $a000944001 100 $a20111004d2007----km-y0itay50------ba 101 0 $aeng 102 $aNL 105 $aa-------001yy 200 1 $aPlant-associated bacteria$fedited by Samuel S. Gnanamanickam 210 $aDordrecht$cSpringer$dc2007 215 $aVI, 712 p.$cill.$d21 cm 610 0 $aBatteriologia 676 $a632.32$v20$zita 702 1$aGnanamanickam,$bSamuel S. 801 0$aIT$bUNINA$gRICA$2UNIMARC 901 $aBK 912 $a990009440010403321 952 $a60 632.32 B 1$b13197$fFAGBC 959 $aFAGBC 996 $aPlant-associated bacteria$9730834 997 $aUNINA LEADER 01057nam0 22002891i 450 001 UON00329210 005 20231205104213.580 100 $a20090826d1952 |0itac50 ba 101 $aeng 102 $aGB 105 $a|||| ||||| 200 1 $aˆA ‰history of the Anglo-Saxons$fR.H. Hodgkin 205 $aThird edition 210 $aOxford$cUniversity Press ; London$cGeoffrey Cumberlege$d1952 215 $a2 vv.$d24 cm. 606 $aANGLOSASSONI$3UONC072736$2FI 620 $aGB$dOxford$3UONL000029 620 $aGB$dLondon$3UONL003044 700 1$aHODGKIN$bR. H.$3UONV187470$0456319 712 $aCumberlege$3UONV248913$4650 712 $aOxford University Press$3UONV245947$4650 801 $aIT$bSOL$c20240220$gRICA 899 $aSIBA - SISTEMA BIBLIOTECARIO DI ATENEO$2UONSI 912 $aUON00329210 950 $aSIBA - SISTEMA BIBLIOTECARIO DI ATENEO$dSI III STORIAEUR B 0327 $eSI MR 55169 5 0327 996 $aHistory of the anglo - saxons$9166616 997 $aUNIOR